<?xml version="1.0" encoding="UTF-8"?>
<record
    xmlns:xsi="http://www.w3.org/2001/XMLSchema-instance"
    xsi:schemaLocation="http://www.loc.gov/MARC21/slim http://www.loc.gov/standards/marcxml/schema/MARC21slim.xsd"
    xmlns="http://www.loc.gov/MARC21/slim">

  <leader>04330cam a2200541 a 4500</leader>
  <controlfield tag="001">13591089</controlfield>
  <controlfield tag="005">20240318183208.0</controlfield>
  <controlfield tag="008">040512s2004    nyua     b    001 0 eng  </controlfield>
  <datafield tag="010" ind1=" " ind2=" ">
    <subfield code="a">  2004011241</subfield>
  </datafield>
  <datafield tag="015" ind1=" " ind2=" ">
    <subfield code="a">GBA463889</subfield>
    <subfield code="2">bnb</subfield>
  </datafield>
  <datafield tag="016" ind1="7" ind2=" ">
    <subfield code="a">012981792</subfield>
    <subfield code="2">Uk</subfield>
  </datafield>
  <datafield tag="020" ind1=" " ind2=" ">
    <subfield code="a">0789026015 (alk. paper)</subfield>
  </datafield>
  <datafield tag="020" ind1=" " ind2=" ">
    <subfield code="a">9780789026019 (alk. paper)</subfield>
  </datafield>
  <datafield tag="020" ind1=" " ind2=" ">
    <subfield code="a">0789026023 (soft cover : alk. paper)</subfield>
  </datafield>
  <datafield tag="020" ind1=" " ind2=" ">
    <subfield code="a">9780789026026 (soft cover : alk. paper)</subfield>
  </datafield>
  <datafield tag="035" ind1=" " ind2=" ">
    <subfield code="a">(OCoLC)ocm55588413</subfield>
  </datafield>
  <datafield tag="035" ind1=" " ind2=" ">
    <subfield code="a">(OCoLC)55588413</subfield>
  </datafield>
  <datafield tag="037" ind1=" " ind2=" ">
    <subfield code="a">1240132</subfield>
    <subfield code="b">QBI</subfield>
  </datafield>
  <datafield tag="040" ind1=" " ind2=" ">
    <subfield code="a">DLC</subfield>
    <subfield code="c">DLC</subfield>
    <subfield code="d">YDX</subfield>
    <subfield code="d">UKM</subfield>
    <subfield code="d">COU</subfield>
    <subfield code="d">YBM</subfield>
    <subfield code="d">QBX</subfield>
    <subfield code="d">OCLCQ</subfield>
    <subfield code="d">BAKER</subfield>
    <subfield code="d">UPP</subfield>
    <subfield code="d">BTCTA</subfield>
    <subfield code="d">YDXCP</subfield>
    <subfield code="d">DLC</subfield>
  </datafield>
  <datafield tag="043" ind1=" " ind2=" ">
    <subfield code="a">n-us---</subfield>
  </datafield>
  <datafield tag="050" ind1="0" ind2="0">
    <subfield code="a">Z731</subfield>
    <subfield code="b">.L5415 2004</subfield>
  </datafield>
  <datafield tag="082" ind1="0" ind2="0">
    <subfield code="a">025.1/977</subfield>
    <subfield code="2">22</subfield>
  </datafield>
  <datafield tag="090" ind1=" " ind2=" ">
    <subfield code="c">31259</subfield>
    <subfield code="d">31259</subfield>
  </datafield>
  <datafield tag="245" ind1="0" ind2="0">
    <subfield code="a">Libraries act on their LibQUAL+ findings :</subfield>
    <subfield code="b">from data to action /</subfield>
    <subfield code="c">Fred M. Heath, Martha Kyrillidou, Consuella A. Askew, editors.</subfield>
  </datafield>
  <datafield tag="260" ind1=" " ind2=" ">
    <subfield code="a">Binghamton, NY :</subfield>
    <subfield code="b">Haworth Information Press,</subfield>
    <subfield code="c">c2004.</subfield>
  </datafield>
  <datafield tag="300" ind1=" " ind2=" ">
    <subfield code="a">xviii, 254 p. :</subfield>
    <subfield code="b">ill. (chiefly col.) ;</subfield>
    <subfield code="c">22 cm.</subfield>
  </datafield>
  <datafield tag="500" ind1=" " ind2=" ">
    <subfield code="a">"Co-published simultaneously as Journal of Library Administration, volume 40, numbers 3/4 2004."</subfield>
  </datafield>
  <datafield tag="504" ind1=" " ind2=" ">
    <subfield code="a">Includes bibliographical references and index.</subfield>
  </datafield>
  <datafield tag="505" ind1="0" ind2="0">
    <subfield code="g">The</subfield>
    <subfield code="t">starving research library user: relationships between library institutional characteristics and Spring 2002 LibQUAL+ scores /</subfield>
    <subfield code="r">Martha Kyrillidou,</subfield>
    <subfield code="r">Fred M. Heath --</subfield>
    <subfield code="t">CONSORTIA --</subfield>
    <subfield code="t">Defending and expanding library turf-the need for scalable consumer research /</subfield>
    <subfield code="r">Tom Sanville --</subfield>
    <subfield code="g">The</subfield>
    <subfield code="t">OhioLINK LibQUAL+ 2002 Experience: a consortium looks at service quality /</subfield>
    <subfield code="r">Jeff Gatten --</subfield>
    <subfield code="t">HEALTH SCIENCES LIBRARIES --</subfield>
    <subfield code="t">Exploring outcomes assessment: the AAHSL LibQUAL+ experience /</subfield>
    <subfield code="r">Tamera Lee --</subfield>
    <subfield code="t">LibQUAL+ in a problem-based learning (PBL) medical school: the case study of the medical library and Peyton T. Anderson Learning Resources Center (LRC) at Mercer University School of Medicine in Macon, Georgia /</subfield>
    <subfield code="r">Jan H. LaBeause --</subfield>
    <subfield code="g">The</subfield>
    <subfield code="t">evolution and application of assessment strategies at the University of Colorado Health Sciences Center /</subfield>
    <subfield code="r">Rick B. Forsman --</subfield>
    <subfield code="g">The</subfield>
    <subfield code="t">LibQUAL+ challenge: an Academic Medical Center's perspective, Duke University /</subfield>
    <subfield code="r">Richard Peterson,</subfield>
    <subfield code="r">Beverly Murphy,</subfield>
    <subfield code="r">Stephanie Holmgren,</subfield>
    <subfield code="r">Patricia L. Thibodeau --</subfield>
    <subfield code="g">An</subfield>
    <subfield code="t">Academic Medical Library using LibQual+: The experience of the Galter Health Sciences Library, Northwestern University /</subfield>
    <subfield code="r">James Shedlock,</subfield>
    <subfield code="r">Linda Walton --</subfield>
    <subfield code="t">UNIVERSITY/COLLEGE LIBRARIES --</subfield>
    <subfield code="t">Quantifying qualitative data: using LibQUAL+ comments for library-wide planning activities at the University of Arizona /</subfield>
    <subfield code="r">Wendy Begay,</subfield>
    <subfield code="r">Daniel R. Lee,</subfield>
    <subfield code="r">Jim Martin,</subfield>
    <subfield code="r">Michael Ray --</subfield>
    <subfield code="t">Another tool in the Assessment Toolbox: Integrating LibQUAL+ into the University of Washington Libraries Assessment Program /</subfield>
    <subfield code="r">Steve Hiller --</subfield>
    <subfield code="t">Mining LibQUAL+ data for pointers to service quality at Wayne State University /</subfield>
    <subfield code="r">Barton Lessin --</subfield>
    <subfield code="t">We asked they what they thought, now what do we do? The use of LibQUAL+ data to redesign Public Services at the University of Pittsburgh /</subfield>
    <subfield code="r">Amy E. Knapp --</subfield>
    <subfield code="t">LibQUAL+ meets strategic planning at the University of Florida /</subfield>
    <subfield code="r">Stephen R. Shorb,</subfield>
    <subfield code="r">Lori Driscoll --</subfield>
    <subfield code="t">Using LibQUAL+ data in strategic planning: Bowling Green State University /</subfield>
    <subfield code="r">Lorraine J. Haricombe,</subfield>
    <subfield code="r">Bonna J. Boettcher --</subfield>
    <subfield code="t">LibQUAL+ 2002 at Vanderbilt University: what do the results mean and where do we go from here? /</subfield>
    <subfield code="r">Flo Wilson.</subfield>
  </datafield>
  <datafield tag="630" ind1="0" ind2="0">
    <subfield code="a">LibQUAL+.</subfield>
    <subfield code="9">54148</subfield>
  </datafield>
  <datafield tag="650" ind1=" " ind2="0">
    <subfield code="a">Library surveys</subfield>
    <subfield code="z">United States.</subfield>
    <subfield code="9">54149</subfield>
  </datafield>
  <datafield tag="650" ind1=" " ind2="0">
    <subfield code="a">Academic libraries</subfield>
    <subfield code="x">Administration.</subfield>
    <subfield code="9">54150</subfield>
  </datafield>
  <datafield tag="650" ind1=" " ind2="0">
    <subfield code="a">Libraries</subfield>
    <subfield code="x">Quality control.</subfield>
    <subfield code="9">54151</subfield>
  </datafield>
  <datafield tag="650" ind1=" " ind2="0">
    <subfield code="a">Information services</subfield>
    <subfield code="x">Quality control.</subfield>
    <subfield code="9">54152</subfield>
  </datafield>
  <datafield tag="650" ind1="1" ind2="2">
    <subfield code="a">Library Surveys</subfield>
    <subfield code="z">United States.</subfield>
    <subfield code="9">54153</subfield>
  </datafield>
  <datafield tag="650" ind1="1" ind2="2">
    <subfield code="a">Library Services.</subfield>
    <subfield code="9">54154</subfield>
  </datafield>
  <datafield tag="650" ind1="1" ind2="2">
    <subfield code="a">Quality Control.</subfield>
    <subfield code="9">14711</subfield>
  </datafield>
  <datafield tag="650" ind1="2" ind2="2">
    <subfield code="a">Consumer Satisfaction.</subfield>
    <subfield code="9">1018</subfield>
  </datafield>
  <datafield tag="650" ind1="2" ind2="2">
    <subfield code="a">Library Administration</subfield>
    <subfield code="x">methods</subfield>
    <subfield code="z">United States.</subfield>
    <subfield code="9">54155</subfield>
  </datafield>
  <datafield tag="700" ind1="1" ind2=" ">
    <subfield code="a">Heath, Fred M.,</subfield>
    <subfield code="d">1944-</subfield>
    <subfield code="9">54156</subfield>
  </datafield>
  <datafield tag="700" ind1="1" ind2=" ">
    <subfield code="a">Kyrillidou, Martha.</subfield>
    <subfield code="9">54157</subfield>
  </datafield>
  <datafield tag="700" ind1="1" ind2=" ">
    <subfield code="a">Askew, Consuella A.</subfield>
    <subfield code="9">54158</subfield>
  </datafield>
  <datafield tag="730" ind1="0" ind2=" ">
    <subfield code="a">Journal of library administration.</subfield>
    <subfield code="9">54159</subfield>
  </datafield>
  <datafield tag="856" ind1="4" ind2="1">
    <subfield code="3">Table of contents</subfield>
    <subfield code="u">http://www.loc.gov/catdir/toc/ecip0418/2004011241.html</subfield>
  </datafield>
  <datafield tag="906" ind1=" " ind2=" ">
    <subfield code="a">7</subfield>
    <subfield code="b">cbc</subfield>
    <subfield code="c">orignew</subfield>
    <subfield code="d">1</subfield>
    <subfield code="e">ecip</subfield>
    <subfield code="f">20</subfield>
    <subfield code="g">y-gencatlg</subfield>
  </datafield>
  <datafield tag="942" ind1=" " ind2=" ">
    <subfield code="2">ddc</subfield>
    <subfield code="c">BOOK</subfield>
  </datafield>
  <datafield tag="999" ind1=" " ind2=" ">
    <subfield code="c">31259</subfield>
    <subfield code="d">31259</subfield>
  </datafield>
  <datafield tag="952" ind1=" " ind2=" ">
    <subfield code="0">0</subfield>
    <subfield code="1">0</subfield>
    <subfield code="2">ddc</subfield>
    <subfield code="4">0</subfield>
    <subfield code="7">0</subfield>
    <subfield code="a">ABK</subfield>
    <subfield code="b">ABK</subfield>
    <subfield code="d">2011-06-27</subfield>
    <subfield code="l">0</subfield>
    <subfield code="o">025.1977 LIB</subfield>
    <subfield code="p">34337</subfield>
    <subfield code="r">2018-07-31 00:00:00</subfield>
    <subfield code="v">80.00</subfield>
    <subfield code="w">2011-06-27</subfield>
    <subfield code="y">BOOK</subfield>
  </datafield>
</record>
